FM faculty up and running (Record no. 66495)

MARC details
000 -LEADER
fixed length control field 00822cam a2200169 4500
001 - CONTROL NUMBER
control field WB3712-19
008 - FIXED-LENGTH DATA ELEMENTS--GENERAL INFORMATION
fixed length control field 000000n2001 000 0 eng u
035 ## - SYSTEM CONTROL NUMBER
System control number (Sirsi) u111602
245 ## - TITLE STATEMENT
Title FM faculty up and running
260 ## - PUBLICATION, DISTRIBUTION, ETC.
Date of publication, distribution, etc. 2001
490 ## - SERIES STATEMENT
Series statement RICS Press Release
Volume/sequential designation (pr041) 14 March 2001, (2)
520 ## - SUMMARY, ETC.
Summary, etc. The chairman of the RICS Facilities Management Faculty has welcomed the opportunity to influence the development of facilities management that the faculty offers the RICS. The faculty will both serve and represent its 7,300 members who are either full time facilities managers or have an interest in the subject, facilitating access to the information held at the RICS through its website.
590 ## - LOCAL NOTE (RLIN)
Local note WB
650 ## - SUBJECT ADDED ENTRY--TOPICAL TERM
Topical term or geographic name entry element RICS FACULTIES AND FORUMS
690 ## - LOCAL SUBJECT ADDED ENTRY--TOPICAL TERM (OCLC, RLIN)
Topical term or geographic name as entry element MANAGEMENT-FACILITIES MANAGEMENT
942 ## - ADDED ENTRY ELEMENTS (KOHA)
Suppress in OPAC 0
Holdings
Withdrawn status Lost status Source of classification or shelving scheme Damaged status Not for loan Home library Current library Shelving location Date acquired Total Checkouts Full call number Barcode Date last seen Copy number Price effective from Koha item type
    Dewey Decimal Classification     London London News article 22/03/2001   WB3712-19 111602-1001 06/08/2019 1 06/08/2019 News article